000 00893nam a2200241Ia 4500
001 dia_4559
003 CHAP
005 20251021150506.0
008 220601s9999 xx 000 0 und d
040 _cCHAP
082 _a338.1 I54 1962
110 _aInstituto Latinoamericano de Planificación Económica y Social
_959245
245 _aInforme del grupo de expertos FAO : cealo sobre algunos aspectos de la planificación agrícola en el Asia y Lejano Oriente / Instituto Latinoamericano de Planificación Económica y Social
260 _aMéxico : ENA
300 _a93 p.
440 _aApuntes
_96382
650 _a1. Economía Agrícola
_9176079
710 _aInstituto Latinoamericano de Planificación Económica y Social Ì
_9176080
901 _a338.1 I54 1962
902 _aA
905 _a0000001962 mx n 0000000000spa00
942 _cLIBRO
_2ddc
999 _c209514
_d209514